01411nam a22001817a 450000500170000000800410001702000180005804000070007604100080008308200170009110000180010824500200012626000580014630000270020436500620023152009090029365000270120220251031163106.0251031b |||||||| |||| 00| 0 eng d a9789390441419 cAL aeng a820.33bPANU aAjay K Pandey aUnexpected gift aNew Delhi bSrishti Publishers and Distributorsc2024 aviii,183pbPBc20x13cm 2Englisha4241b₹200.00c₹d₹250.00e20%f25-10-2025 aGiving up is not an option when someone calls you mother. ’ ABHAY is a single father, struggling to raise his young son. He has lost a lot in life – his wife, his passion, his will. Ayush is all he is left with. SHEETAL is mysterious and compassionate, with a heart brimming with love for children. Her yearning to be a mother was curbed by a cruel twist of life. When Sheetal applies for the task of looking after Ayush, Abhay finally feels at ease. Her tender affection and bond with the young boy draws Abhay towards her. He wants to know more about Sheetal, but she is hesitant to open up to him. What is Sheetal hiding? Will her secret cause them to drift apart or will Abhay accept the unexpected gift she gives him? An Unexpected Gift is an enriching tale of unconditional love which has the power to touch lives. It is an emotional roller-coaster which will leave a deep impact in your heart. aIndian English Fiction